Fußball: Alle deutschen Nationalspieler vom VfB Stuttgart ab 2000 - Statistiken

Allgemein
  • Dieses Quiz wurde 294 mal gespielt
    146 seit der letzten Aktualisierung
  • Das Durchschnittsergebnis liegt bei 13 aus 20
Antwortstatistiken
Debüt Anzahl
Länderspiele
insgesamt
Pos. Spieler % Korrekt
2024 5 ST Deniz Undav
98%
2007 78 ST Mario Gomez
91%
2024 3 MF Angelino Stiller
88%
2023 6 MF Chris Führich
88%
2024 10 AW Maxi Mittelstädt
88%
2004 7 TW Timo Hildebrand
79%
2024 1 ST Jamie Leweling
78%
2024 7 AW Waldemar Anton
78%
2009 77 MF Sami Khedira
77%
2009 23 ST Cacau
74%
2004 113 AW Philipp Lahm
69%
2023 1 AW Josha Vagnoman
63%
2003 52 ST Kevin Kuranyi
59%
2014 76 AW Toni Rüdiger
59%
2004* 52 MF Thomas Hitzlsperger
54%
2008 14 AW Serdar Tasci
52%
2003 21 AW Andreas Hinkel
49%
2009* 5 MF Christian Gentner
43%
2007 8 AW Roberto Hilbert
35%
2009 10 MF Christian Träsch
27%
Keine übereinstimmenden Quizze gefunden
Verteilung der Resultate
Anzahl Personen mit jedem Resultat
Perzentil nach korrekt beantworteten Fragen
Ihre Resultats-Entwicklung
Sie haben dieses Quiz seit der letzten Aktualisierung nicht gespielt